00261nam a22000977a 4500040000800000082001800008100001300026245006300039260004900102300001200151 cDLC a306.2095bLUL aLei, Gao aContemporary Chinese Society: Basic Systems and Daily Life aBeijingbChina Renmin University Pressc2018 a241p. :